[Event "BL 1920 Aachener SV - USV TU Dresden"]
[Site "?"]
[Date "2020.02.22"]
[Round "7.4"]
[White "Klein, Felix"]
[Black "Boensch, Uwe"]
[Result "1-0"]
[WhiteElo "2304"]
[BlackElo "2508"]
[PlyCount "56"]
[EventDate "2020.??.??"]

1. e4 c5 2. Nf3 d6 3. d4 cxd4 4. Nxd4 Nf6 5. Nc3 e6 6. Be3 Nc6 7. Qd2 a6 8. f3
Be7 9. O-O-O Nxd4 10. Bxd4 e5 11. Be3 Be6 12. g4 Qa5 13. g5 Nd7 14. Kb1 Nb6 15.
Qf2 Na4 16. Nxa4 Qxa4 17. b3 Qc6 18. f4 exf4 19. Qxf4 O-O 20. Bd3 b5 21. Qh4 g6
22. Bd4 Rfe8 23. Qf2 Rad8 24. h4 Bg4 25. Rdf1 Rf8 26. h5 gxh5 27. Rfg1 Qd7 28.
Be2 Qe6 1-0

[Event "BL 1920 Aachener SV - USV TU Dresden"]
[Site "?"]
[Date "2020.02.22"]
[Round "7.5"]
[White "Maiwald, Jens-Uwe"]
[Black "Lemmers, Oscar"]
[Result "1-0"]
[WhiteElo "2430"]
[BlackElo "2352"]
[PlyCount "47"]
[EventDate "2020.??.??"]

1. e4 c5 2. Nf3 e6 3. d3 Nc6 4. g3 Nge7 5. Bg2 g6 6. O-O Bg7 7. Re1 d5 8. e5
Bd7 9. c4 dxc4 10. dxc4 Qc7 11. Nc3 Nxe5 12. Nxe5 Bxe5 13. Rxe5 Qxe5 14. Bf4
Qd4 15. Qe2 Qg7 16. Bxb7 Rd8 17. Be5 f6 18. Bc7 Nf5 19. Bxd8 Kxd8 20. Rd1 Kc7
21. Bg2 Qe7 22. Qe1 Kb8 23. Qe4 Be8 24. Qa8+ 1-0

[Event "BL 1920 Aachener SV - USV TU Dresden"]
[Site "?"]
[Date "2020.02.22"]
[Round "7.6"]
[White "Sonntag, Hans-Hubert"]
[Black "Moehn, Hans"]
[Result "1/2-1/2"]
[WhiteElo "2333"]
[BlackElo "2357"]
[PlyCount "41"]
[EventDate "2020.??.??"]

1. d4 Nf6 2. Nf3 g6 3. Bf4 Bg7 4. e3 d6 5. h3 O-O 6. Be2 Nfd7 7. O-O e5 8. Bh2
Nc6 9. c3 Qe7 10. Nbd2 Kh8 11. dxe5 dxe5 12. e4 a5 13. Re1 Nc5 14. Bb5 Na7 15.
Bf1 b6 16. b4 Nb7 17. a3 f6 18. Nc4 Be6 19. Qc2 Qf7 20. Nfd2 Bh6 21. Ne3
1/2-1/2

[Event "BL 1920 Aachener SV - USV TU Dresden"]
[Site "?"]
[Date "2020.02.22"]
[Round "7.7"]
[White "Urban, Konstantin"]
[Black "Meessen, Rudolf"]
[Result "1-0"]
[WhiteElo "2315"]
[BlackElo "2255"]
[PlyCount "152"]
[EventDate "2020.??.??"]

1. e4 e5 2. Nf3 d6 3. d4 exd4 4. Nxd4 Nf6 5. Nc3 Be7 6. Bf4 O-O 7. Be2 Re8 8.
Qd2 Nc6 9. O-O-O Nxd4 10. Qxd4 Be6 11. Bf3 Nd7 12. Nd5 Bxd5 13. Qxd5 Bf6 14.
Kb1 Bxb2 15. Kxb2 Qf6+ 16. e5 Qxf4 17. exd6 c5 18. Qd2 Qf6+ 19. Qc3 Re5 20.
Rhe1 Rd8 21. Rxe5 Nxe5 22. Rd5 Nc4+ 23. Kb3 Qxc3+ 24. Kxc3 Nxd6 25. Rxc5 b6 26.
Rd5 Kf8 27. Kb3 Ke7 28. c3 g6 29. Rd4 f5 30. h4 Kd7 31. g4 Re8 32. h5 Re5 33.
hxg6 hxg6 34. gxf5 gxf5 35. Ra4 a5 36. Rh4 Re1 37. Bd5 Re2 38. Rh7+ Re7 39.
Bc6+ Kd8 40. Rh6 Kc7 41. Bd5 b5 42. a4 Re5 43. Bh1 bxa4+ 44. Kxa4 Kd7 45. Rh7+
Ke6 46. Rh6+ Ke7 47. Rh7+ Kf8 48. Rc7 Nb5 49. Rc8+ Ke7 50. f4 Re1 51. Kxb5 Rxh1
52. Kxa5 Rf1 53. Rc4 Kd6 54. Kb5 Re1 55. Rd4+ Ke6 56. Kc5 Re3 57. c4 Re1 58.
Kb4 Rb1+ 59. Kc3 Rc1+ 60. Kd2 Rf1 61. c5 Ra1 62. Kc3 Rc1+ 63. Kb4 Ra1 64. c6
Rb1+ 65. Kc5 Rc1+ 66. Kb6 Rb1+ 67. Ka7 Rc1 68. Kb7 Rb1+ 69. Kc8 Ke7 70. c7 Rb5
71. Rd7+ Ke8 72. Rd3 Rb4 73. Re3+ Kf7 74. Kd7 Rd4+ 75. Kc6 Rc4+ 76. Kd6 Rc1 1-0

[Event "BL 1920 Aachener SV - USV TU Dresden"]
[Site "?"]
[Date "2020.02.22"]
[Round "7.8"]
[White "Breitkopf-Lazar, Patrick-Robert"]
[Black "Richter, Philipp"]
[Result "0-1"]
[WhiteElo "1674"]
[BlackElo "2109"]
[PlyCount "114"]
[EventDate "2020.??.??"]

1. e4 e6 2. d4 d5 3. Nc3 Bb4 4. e5 Ne7 5. Bd2 c5 6. a3 Bxc3 7. Bxc3 Nbc6 8. Qg4
cxd4 9. Bxd4 Nxd4 10. Qxd4 Nc6 11. Qg4 O-O 12. Nf3 f6 13. Bd3 Nxe5 14. Nxe5
fxe5 15. O-O-O Qf6 16. f3 Qf4+ 17. Qxf4 exf4 18. Rhe1 Bd7 19. Re5 Rac8 20. b3
Kf7 21. Kb2 Kf6 22. Rde1 Rfe8 23. R1e2 g6 24. a4 a5 25. g3 fxg3 26. hxg3 Rc5
27. f4 h5 28. Rg5 Rg8 29. Ree5 Rc7 30. Re1 Bc6 31. Rge5 Re7 32. Bf1 g5 33. Bh3
Bd7 34. Kc3 gxf4 35. gxf4 Rg3+ 36. R1e3 Rxe3+ 37. Rxe3 Rg7 38. Kd4 h4 39. Rf3
Be8 40. Ke3 Rc7 41. Kd2 Bg6 42. c3 Be4 43. Re3 Rg7 44. b4 b6 45. Ke2 Rg1 46.
Bf1 Rg4 47. bxa5 bxa5 48. c4 Rxf4 49. c5 Bf5 50. Rc3 Rxa4 51. c6 e5 52. c7 Rc4
53. Rxc4 dxc4 54. Kd2 h3 55. Bxc4 Bc8 56. Ke2 Ke7 57. Kf2 Kd6 0-1

[Event "BL 1920 SC Viernheim - SF Berlin"]
[Site "?"]
[Date "2020.02.22"]
[Round "7.1"]
[White "Moranda, Wojciech"]
[Black "Malakhov, Vladimir"]
[Result "1/2-1/2"]
[WhiteElo "2601"]
[BlackElo "2667"]
[PlyCount "107"]
[EventDate "2020.??.??"]

1. d4 d5 2. c4 c6 3. Nc3 Nf6 4. e3 g6 5. Nf3 Bg7 6. Be2 O-O 7. O-O e6 8. b4
dxc4 9. Bxc4 b5 10. Be2 a5 11. Ba3 Re8 12. Qb3 Nd5 13. bxa5 Qxa5 14. Bb2 Nxc3
15. Bxc3 Qa4 16. Qxa4 Rxa4 17. Rfc1 Ra8 18. Nd2 e5 19. dxe5 Bxe5 20. Bxe5 Rxe5
21. Nf3 Re8 22. Nd4 Bd7 23. Bf3 Ra3 24. Rc2 Re7 25. Kf1 Be8 26. Ke1 Kf8 27.
Bxc6 Nxc6 28. Nxc6 Bxc6 29. Rxc6 Rea7 30. Rb6 Rxa2 31. Rxa2 Rxa2 32. Rxb5 h5
33. Kf1 Ra1+ 34. Ke2 Rh1 35. h3 Ra1 36. Rb2 Kg7 37. Kf3 Ra4 38. e4 Kf6 39. Rb6+
Kg7 40. g3 Ra3+ 41. Kf4 h4 42. Rb7 hxg3 43. fxg3 g5+ 44. Kg4 Re3 45. Rb5 f6 46.
Rb7+ Kg6 47. Rb4 Re1 48. Kf3 Rf1+ 49. Kg2 Re1 50. Ra4 Re3 51. Kf2 Rb3 52. Ra2
Rb4 53. Re2 f5 54. exf5+ 1/2-1/2

[Event "BL 1920 SC Viernheim - SF Berlin"]
[Site "?"]
[Date "2020.02.22"]
[Round "7.2"]
[White "Korobov, Anton"]
[Black "Kraemer, Martin"]
[Result "1-0"]
[WhiteElo "2685"]
[BlackElo "2580"]
[PlyCount "63"]
[EventDate "2020.??.??"]

1. d4 Nf6 2. c4 e6 3. Nc3 Bb4 4. e3 O-O 5. Bd3 c5 6. Nf3 d5 7. O-O cxd4 8. exd4
dxc4 9. Bxc4 b6 10. Bg5 Bb7 11. Qe2 Bxc3 12. bxc3 Nbd7 13. Rac1 Qc7 14. Nd2
Rfe8 15. Rfe1 Rac8 16. f3 Nd5 17. Bh4 N7f6 18. Qd3 Nf4 19. Qc2 N6d5 20. Bg3 Qe7
21. Qb3 h5 22. Bxd5 Nxd5 23. h4 Red8 24. Ne4 Nf6 25. Ng5 Nh7 26. Nh3 g5 27. Re5
g4 28. Ng5 Rd5 29. Nxh7 Kxh7 30. Rxd5 Bxd5 31. c4 Qf6 32. Qb1+ 1-0

[Event "BL 1920 SC Viernheim - SF Berlin"]
[Site "?"]
[Date "2020.02.22"]
[Round "7.3"]
[White "Gumularz, Szymon"]
[Black "Amin, Bassem"]
[Result "1/2-1/2"]
[WhiteElo "2508"]
[BlackElo "2675"]
[PlyCount "62"]
[EventDate "2020.??.??"]

1. d4 Nf6 2. c4 g6 3. Nc3 Bg7 4. e4 d6 5. f3 O-O 6. Nge2 c5 7. Be3 Nc6 8. d5
Ne5 9. Ng3 e6 10. Be2 exd5 11. cxd5 a6 12. O-O b5 13. Qd2 Re8 14. Bh6 Bh8 15.
Nd1 c4 16. Nf2 a5 17. Be3 Ba6 18. Rac1 Rc8 19. f4 Ned7 20. f5 b4 21. Bg5 c3 22.
bxc3 bxc3 23. Rxc3 Rxc3 24. Qxc3 Nxe4 25. Nfxe4 Bxc3 26. Bxd8 Bd4+ 27. Kh1 Bxe2
28. Nxd6 Bxf1 29. Nxe8 Bc4 30. Bxa5 Bxa2 31. Ne2 Be5 1/2-1/2

[Event "BL 1920 SC Viernheim - SF Berlin"]
[Site "?"]
[Date "2020.02.22"]
[Round "7.4"]
[White "Kovalenko, Igor"]
[Black "Baldauf, Marco"]
[Result "1-0"]
[WhiteElo "2641"]
[BlackElo "2502"]
[PlyCount "91"]
[EventDate "2020.??.??"]

1. d4 Nf6 2. Nf3 g6 3. Bf4 Bg7 4. e3 O-O 5. h3 d6 6. c3 b6 7. a4 a6 8. Be2 Bb7
9. O-O c5 10. Re1 Nbd7 11. Bh2 Ra7 12. Nbd2 Qa8 13. Bd3 Ne4 14. Nc4 Bc6 15. a5
b5 16. Nb6 Qb7 17. Bxe4 Bxe4 18. Ng5 Nf6 19. Nxe4 Nxe4 20. Qc2 c4 21. f3 Nf6
22. e4 Nd7 23. Nd5 Nb8 24. h4 Nc6 25. h5 e6 26. Ne3 Qe7 27. Qf2 Rd7 28. f4 f5
29. d5 Nd8 30. exf5 gxf5 31. Qg3 Qf6 32. dxe6 Nxe6 33. Nd5 Qh6 34. Qh3 Rdf7 35.
Re3 Nc5 36. Rae1 Kh8 37. Qf3 Bf6 38. Bg3 Ne4 39. Bf2 Rg7 40. Rxe4 fxe4 41. Rxe4
Be5 42. Qh3 Rxf4 43. Nxf4 Bxf4 44. Qc8+ Rg8 45. Bd4+ Be5 46. Rxe5 1-0

[Event "BL 1920 SC Viernheim - SF Berlin"]
[Site "?"]
[Date "2020.02.22"]
[Round "7.5"]
[White "Sprenger, Jan Michael"]
[Black "Fedorchuk, Sergey A"]
[Result "0-1"]
[WhiteElo "2482"]
[BlackElo "2622"]
[PlyCount "132"]
[EventDate "2020.??.??"]

1. e4 c5 2. Nf3 e6 3. d4 cxd4 4. Nxd4 Nc6 5. Nc3 a6 6. Nxc6 bxc6 7. Bd3 Qc7 8.
O-O d5 9. Re1 Nf6 10. Bg5 Be7 11. Qf3 Bb7 12. Qh3 h6 13. e5 Nd7 14. Bxe7 Kxe7
15. Na4 c5 16. c4 dxc4 17. Bxc4 Rhd8 18. Rac1 Qa5 19. b3 Bc6 20. Nb2 Nb6 21. a4
Rd2 22. Re2 Rad8 23. Qe3 Nxc4 24. Nxc4 Rd1+ 25. Re1 Qxe1+ 26. Qxe1 Rxe1+ 27.
Rxe1 Rd3 28. Na5 Bd5 29. Rc1 Bxb3 30. Nxb3 Rxb3 31. g3 Rb4 32. Rxc5 Rxa4 33.
Rc7+ Ke8 34. h4 g5 35. h5 Ra5 36. Rc8+ Ke7 37. Rh8 Rxe5 38. Rxh6 g4 39. Rh8 a5
40. h6 Kf6 41. h7 Kg7 42. Rf8 Rh5 43. Rg8+ Kxh7 44. Rxg4 Rb5 45. Rc4 Kg6 46.
Rc7 f5 47. Ra7 Kf6 48. f3 Ke5 49. Ra6 Kd5 50. g4 Kc4 51. Rxe6 a4 52. Ra6 Kb4
53. Kf2 a3 54. gxf5 Rxf5 55. Ke3 Ra5 56. Rb6+ Ka4 57. Rb1 a2 58. Ra1 Kb3 59.
Ke4 Kb2 60. Rxa2+ Rxa2 61. f4 Kc3 62. f5 Kc4 63. f6 Re2+ 64. Kf5 Kd5 65. f7
Rf2+ 66. Kg6 Ke6 0-1

[Event "BL 1920 SC Viernheim - SF Berlin"]
[Site "?"]
[Date "2020.02.22"]
[Round "7.6"]
[White "Maze, Sebastien"]
[Black "Blohberger, Felix"]
[Result "1/2-1/2"]
[WhiteElo "2550"]
[BlackElo "2448"]
[PlyCount "43"]
[EventDate "2020.??.??"]

1. e4 e5 2. Nf3 Nf6 3. d4 Nxe4 4. Bd3 d5 5. Nxe5 Nd7 6. O-O Nxe5 7. dxe5 Nc5 8.
Be3 Be7 9. f4 g6 10. Nd2 Nxd3 11. cxd3 c5 12. d4 c4 13. a4 Be6 14. Nb1 Qd7 15.
Nc3 h5 16. Qd2 Bf5 17. Rfe1 b6 18. Bf2 a6 19. Re3 O-O 20. Qe1 b5 21. Bh4 Bxh4
22. Qxh4 1/2-1/2

[Event "BL 1920 SC Viernheim - SF Berlin"]
[Site "?"]
[Date "2020.02.22"]
[Round "7.7"]
[White "Perske, Thore"]
[Black "Abergel, Thal"]
[Result "1/2-1/2"]
[WhiteElo "2443"]
[BlackElo "2473"]
[PlyCount "76"]
[EventDate "2020.??.??"]

1. d4 d6 2. e4 Nf6 3. Nc3 g6 4. Nf3 Bg7 5. Be2 c6 6. O-O O-O 7. Re1 Qc7 8. Bf4
b5 9. e5 Nh5 10. exd6 exd6 11. Qd2 Nxf4 12. Qxf4 Bf5 13. Bd3 Bxd3 14. cxd3 Na6
15. Rac1 Nb4 16. Re3 Qd8 17. a3 Nd5 18. Nxd5 cxd5 19. h4 Rc8 20. Rxc8 Qxc8 21.
Re7 h6 22. Rxa7 Qc2 23. Qxd6 Qc1+ 24. Kh2 Qxb2 25. Qxd5 Qxf2 26. h5 g5 27. Qe4
Kh8 28. Ra8 Rxa8 29. Qxa8+ Kh7 30. Qd5 Kg8 31. Qxb5 g4 32. Qe8+ Bf8 33. Ne5
Qf4+ 34. g3 Qf2+ 35. Kh1 Qf1+ 36. Kh2 Qf2+ 37. Kh1 Qf1+ 38. Kh2 Qf2+ 1/2-1/2

[Event "BL 1920 SC Viernheim - SF Berlin"]
[Site "?"]
[Date "2020.02.22"]
[Round "7.8"]
[White "Beikert, Guenther"]
[Black "Thiede, Lars"]
[Result "1-0"]
[WhiteElo "2385"]
[BlackElo "2405"]
[PlyCount "49"]
[EventDate "2020.??.??"]

1. d4 Nf6 2. Nf3 g6 3. Nc3 Bg7 4. e4 d5 5. e5 Ne4 6. Nxe4 dxe4 7. Ng5 c5 8. d5
Bxe5 9. Nxe4 O-O 10. Be2 Qa5+ 11. c3 Rd8 12. O-O Bf5 13. Ng3 Bd7 14. Bg5 f6 15.
d6 Bxd6 16. Bc4+ Kg7 17. Nh5+ gxh5 18. Qxh5 fxg5 19. Qf7+ Kh6 20. f4 g4 21.
Rad1 Bc6 22. Rxd6+ Rxd6 23. Qf8+ Kh5 24. Qg7 h6 25. Bf7+ 1-0

[Event "BL 1920 SV Mülheim Nord - Hamburger SK"]
[Site "?"]
[Date "2020.02.22"]
[Round "7.1"]
[White "Kempinski, Robert"]
[Black "Nguyen, Thai Dai Van"]
[Result "0-1"]
[WhiteElo "2578"]
[BlackElo "2560"]
[PlyCount "54"]
[EventDate "2020.??.??"]

1. Nf3 d5 2. c4 d4 3. e3 Nc6 4. exd4 Nxd4 5. Nxd4 Qxd4 6. Nc3 c6 7. d3 Nh6 8.
Be3 Qd8 9. Bxh6 gxh6 10. Be2 Bg7 11. O-O O-O 12. Bf3 Bf5 13. Be4 Bg6 14. Qc2
Qd4 15. Rab1 Rad8 16. Ne2 Qd6 17. c5 Qd7 18. Rbd1 f5 19. Bf3 e5 20. b4 Kh8 21.
Ng3 Qf7 22. Rb1 h5 23. b5 h4 24. Ne2 cxb5 25. Rxb5 e4 26. dxe4 fxe4 27. Bg4 h5
0-1

[Event "BL 1920 SV Mülheim Nord - Hamburger SK"]
[Site "?"]
[Date "2020.02.22"]
[Round "7.2"]
[White "Landa, Konstantin"]
[Black "Engel, Luis"]
[Result "1-0"]
[WhiteElo "2625"]
[BlackElo "2545"]
[PlyCount "105"]
[EventDate "2020.??.??"]

1. c4 e5 2. Nc3 Bb4 3. Nd5 Be7 4. d4 exd4 5. Qxd4 Nf6 6. Nxe7 Qxe7 7. Bg5 Nc6
8. Qc3 Ne4 9. Bxe7 Nxc3 10. Ba3 Ne4 11. f3 Nf6 12. e4 d6 13. Ne2 Be6 14. Nc3
O-O-O 15. O-O-O Nd7 16. b3 g5 17. Bd3 Nde5 18. Bc2 h5 19. h4 gxh4 20. Rxh4 Rdg8
21. Rd2 Rg3 22. Nd5 Ng6 23. Rh2 Nce5 24. c5 Bxd5 25. exd5 dxc5 26. Bxc5 b6 27.
Bf2 Rg5 28. Be3 Rg3 29. Bf2 Rg5 30. Be3 Rg3 31. d6 cxd6 32. Bf2 Rg5 33. Be3 Rg3
34. Bf2 Rg5 35. f4 Ng4 36. fxg5 Nxh2 37. Rxd6 Ng4 38. Bg3 N6e5 39. Bf5+ Kb7 40.
Bxg4 Nxg4 41. Rd7+ Ka6 42. Rxf7 Rg8 43. Bf4 Nf2 44. Kc2 Ne4 45. Rf5 Nc5 46. Be3
Ne6 47. Kd3 Nf8 48. b4 Ng6 49. a4 Rd8+ 50. Bd4 Nh4 51. Rf7 Nxg2 52. Kc4 Rc8+
53. Kb3 1-0

[Event "BL 1920 SV Mülheim Nord - Hamburger SK"]
[Site "?"]
[Date "2020.02.22"]
[Round "7.3"]
[White "Ernst, Sipke"]
[Black "Fridman, Daniel"]
[Result "1-0"]
[WhiteElo "2544"]
[BlackElo "2625"]
[PlyCount "133"]
[EventDate "2020.??.??"]

1. d4 d5 2. c4 e6 3. Nf3 Nf6 4. g3 dxc4 5. Bg2 c5 6. O-O Nc6 7. dxc5 Qxd1 8.
Rxd1 Bxc5 9. Nbd2 c3 10. bxc3 O-O 11. Nb3 Be7 12. c4 Bd7 13. Bb2 Rfd8 14. Nfd4
Rac8 15. Nb5 b6 16. Nd6 Bxd6 17. Rxd6 Be8 18. Rxd8 Nxd8 19. Rc1 Bc6 20. f3 Ba4
21. f4 Nd7 22. Ba3 Nc6 23. Kf2 f5 24. e4 fxe4 25. Bxe4 Nf6 26. Bf3 e5 27. c5
exf4 28. gxf4 Kf7 29. cxb6 axb6 30. Nd2 Bb5 31. Ne4 Nxe4+ 32. Bxe4 g6 33. Kg3
Ne7 34. Bd5+ Ke8 35. Rxc8+ Nxc8 36. Kh4 h6 37. Be4 Kf7 38. f5 gxf5 39. Bxf5 Ne7
40. Bb1 Be2 41. Bc1 Ng6+ 42. Kg3 h5 43. Bb2 Bc4 44. a3 Bd5 45. Bd3 Bc6 46. Be2
h4+ 47. Kg4 b5 48. Kg5 h3 49. a4 Nf8 50. axb5 Bg2 51. Kf5 Nd7 52. Ba3 Ke8 53.
Ke6 Kd8 54. Kd6 Nf6 55. Ke5 Ne4 56. b6 Nd2 57. Ba6 Nf3+ 58. Ke6 Ng5+ 59. Kf6
Ne4+ 60. Ke5 Kd7 61. Bb5+ Kc8 62. Ba6+ Kd7 63. b7 Kc7 64. Kf4 Bh1 65. Bb2 Nd6
66. Be5 Bxb7 67. Bxb7 1-0

[Event "BL 1920 SV Mülheim Nord - Hamburger SK"]
[Site "?"]
[Date "2020.02.22"]
[Round "7.4"]
[White "Tregubov, Pavel V"]
[Black "Ftacnik, Lubomir"]
[Result "1/2-1/2"]
[WhiteElo "2589"]
[BlackElo "2516"]
[PlyCount "42"]
[EventDate "2020.??.??"]

1. e4 c5 2. Nf3 d6 3. c3 Nf6 4. Be2 Nbd7 5. d3 b6 6. O-O Bb7 7. Nbd2 e6 8. Re1
Be7 9. Bf1 O-O 10. b3 Rc8 11. Bb2 Ne5 12. Rc1 Nxf3+ 13. Nxf3 b5 14. Rc2 Qb6 15.
Rd2 Rfd8 16. c4 bxc4 17. bxc4 Nd7 18. g3 Bf6 19. Bxf6 Nxf6 20. Bg2 Rb8 21. Qc2
Bc6 1/2-1/2

[Event "BL 1920 SV Mülheim Nord - Hamburger SK"]
[Site "?"]
[Date "2020.02.22"]
[Round "7.5"]
[White "Heinemann, Thies"]
[Black "Buckels, Valentin"]
[Result "1-0"]
[WhiteElo "2498"]
[BlackElo "2462"]
[PlyCount "113"]
[EventDate "2020.??.??"]

1. e4 e5 2. Nf3 Nc6 3. Bb5 a6 4. Bxc6 dxc6 5. O-O Bd6 6. d4 exd4 7. Qxd4 f6 8.
Nbd2 Be6 9. b3 Ne7 10. Nc4 Bxc4 11. Qxc4 Qd7 12. Bb2 Ng6 13. e5 fxe5 14. Nxe5
Nxe5 15. Bxe5 Bxe5 16. Rae1 O-O-O 17. Rxe5 Rhe8 18. f4 Rxe5 19. fxe5 Re8 20.
Qe4 g6 21. Qe3 b6 22. h3 Kb7 23. Kh2 Qe6 24. Re1 Rf8 25. c4 Rf5 26. Kg1 Rf7 27.
Qe4 Rd7 28. Re2 Rd1+ 29. Kh2 Rf1 30. Re3 Rf5 31. Re2 Rf1 32. Qh4 h5 33. Qe4 g5
34. Re1 Rf4 35. Qe3 h4 36. Kg1 a5 37. Rf1 Rxf1+ 38. Kxf1 Qf5+ 39. Kg1 Qc2 40.
e6 Qd1+ 41. Kf2 Qc2+ 42. Kf1 Qb1+ 43. Qe1 Qf5+ 44. Kg1 Qc5+ 45. Kh1 Qe7 46. Qe4
Kb8 47. Qxc6 Qh7 48. Qd5 g4 49. hxg4 Qb1+ 50. Kh2 Qe1 51. Qd3 Qxe6 52. Qd8+ Ka7
53. Qxc7+ Ka8 54. c5 bxc5 55. Qxa5+ Kb7 56. Qb5+ Ka8 57. Qxc5 1-0

[Event "BL 1920 SV Mülheim Nord - Hamburger SK"]
[Site "?"]
[Date "2020.02.22"]
[Round "7.6"]
[White "Warmerdam, Max"]
[Black "Rogozenco, Dorian"]
[Result "1/2-1/2"]
[WhiteElo "2497"]
[BlackElo "2475"]
[PlyCount "117"]
[EventDate "2020.??.??"]

1. d4 d5 2. c4 c6 3. Nf3 Nf6 4. e3 Bf5 5. Nc3 a6 6. cxd5 cxd5 7. Ne5 Nc6 8. Be2
Bd7 9. Nxd7 Qxd7 10. Bd2 e6 11. Rc1 Bd6 12. Bd3 O-O 13. f4 b5 14. O-O Rfc8 15.
Be1 Bf8 16. Bh4 Ne8 17. f5 e5 18. f6 g6 19. Be2 Rd8 20. Bg5 e4 21. Qe1 h6 22.
Bh4 Nc7 23. h3 Ne6 24. a4 bxa4 25. Nxa4 Ncxd4 26. Nb6 Qb7 27. Nxa8 Nxe2+ 28.
Qxe2 Rxa8 29. Rfd1 Nc5 30. Rc2 Nd3 31. Rxd3 exd3 32. Qxd3 Rc8 33. Rxc8 Qxc8 34.
Kf2 Qc4 35. Qxc4 dxc4 36. Kf3 Bb4 37. Ke4 c3 38. bxc3 Bxc3 39. Kd5 g5 40. Bg3
Bxf6 41. Bd6 Kg7 42. e4 Bc3 43. e5 a5 44. g4 Bb2 45. Kc4 a4 46. Kb4 a3 47. Kb3
Kg6 48. Bxa3 Bxa3 49. Kxa3 f5 50. Kb4 f4 51. Kc4 Kf7 52. Kd4 Ke6 53. Ke4 Kd7
54. Kd3 Kc6 55. Kd4 Kb6 56. Kc4 Kc7 57. Kc3 Kc6 58. Kd4 Kd7 59. Kd3 1/2-1/2

[Event "BL 1920 SV Mülheim Nord - Hamburger SK"]
[Site "?"]
[Date "2020.02.22"]
[Round "7.7"]
[White "Sebastian, Dirk"]
[Black "Hausrath, Daniel"]
[Result "0-1"]
[WhiteElo "2452"]
[BlackElo "2477"]
[PlyCount "120"]
[EventDate "2020.??.??"]

1. e4 d6 2. d4 Nf6 3. Bd3 g6 4. c3 Bg7 5. Nf3 O-O 6. O-O Nc6 7. h3 e5 8. Re1 a6
9. a3 h6 10. Bc2 Nh5 11. Be3 b5 12. Nbd2 Rb8 13. Nb3 Kh7 14. Qd2 Qf6 15. Kh2
Nf4 16. Ng1 g5 17. g3 Ng6 18. Bd1 Qe7 19. d5 Nd8 20. Bg4 f5 21. exf5 Bxf5 22.
Bxf5 Rxf5 23. Qd3 e4 24. Qc2 Rxd5 25. Ba7 Ra8 26. Rxe4 Re5 27. Rxe5 Bxe5 28.
Bd4 Nc6 29. Nf3 Rf8 30. Kg2 Qf7 31. Nxe5 Ncxe5 32. Bxe5 Qd5+ 33. Kg1 Qxe5 34.
Rf1 Kg7 35. Nc1 Qe6 36. Kg2 Qd5+ 37. f3 Ne5 38. Qe4 Qxe4 39. fxe4 Rxf1 40. Kxf1
Nc4 41. Nd3 Nd2+ 42. Kg2 Nxe4 43. Nb4 Nc5 44. Nd5 Ne6 45. Nb4 a5 46. Nc6 a4 47.
Kf3 Kf6 48. Ke4 Nc5+ 49. Kd5 Nd3 50. Nd4 Nxb2 51. Nxb5 Nd1 52. Kc6 Ke5 53. Kxc7
d5 54. Kc6 h5 55. Kc5 Nf2 56. Nd4 Nxh3 57. Kb4 Ng1 58. Kxa4 h4 59. gxh4 gxh4
60. Nc2 Ke4 0-1

[Event "BL 1920 SV Mülheim Nord - Hamburger SK"]
[Site "?"]
[Date "2020.02.22"]
[Round "7.8"]
[White "Zelbel, Patrick"]
[Black "Meissner, Felix"]
[Result "0-1"]
[WhiteElo "2453"]
[BlackElo "2358"]
[PlyCount "80"]
[EventDate "2020.??.??"]

1. e4 c5 2. Nf3 d6 3. Bb5+ Bd7 4. Bxd7+ Qxd7 5. c4 Nf6 6. Nc3 g6 7. d4 cxd4 8.
Nxd4 Bg7 9. f3 O-O 10. Be3 Nc6 11. O-O Rfc8 12. b3 Qd8 13. Rc1 Qa5 14. Qd3 a6
15. h3 Nxd4 16. Bxd4 Rc6 17. a4 Rd8 18. f4 e6 19. f5 Nd7 20. Ne2 Ne5 21. Qe3
Re8 22. Rcd1 Qc7 23. Qf2 Qc8 24. Ba1 Qb8 25. Kh1 Rcc8 26. Nf4 Qc7 27. Qg3 Kh8
28. h4 Qc6 29. Rde1 Qd7 30. f6 Bh6 31. h5 Rg8 32. hxg6 Nxg6 33. Nh5 Rc5 34. Qh3
Ne5 35. Bd4 Rcc8 36. Ng3 Rg6 37. c5 Nd3 38. Rd1 Nf4 39. Qh4 Rcg8 40. Rf3 dxc5
0-1

[Event "BL 1920 SG Solingen - SG Turm Kiel"]
[Site "?"]
[Date "2020.02.22"]
[Round "7.2"]
[White "Ragger, Markus"]
[Black "Demchenko, Anton"]
[Result "1/2-1/2"]
[WhiteElo "2670"]
[BlackElo "2642"]
[PlyCount "86"]
[EventDate "2020.??.??"]

1. e4 e5 2. Nf3 Nc6 3. Bc4 Nf6 4. d3 h6 5. O-O d6 6. c3 g6 7. d4 Qe7 8. Re1 Bg7
9. h3 Bd7 10. a4 Nh7 11. Be3 Ng5 12. Nbd2 Nxf3+ 13. Nxf3 O-O 14. a5 b6 15. b4
Rac8 16. dxe5 Nxe5 17. Nxe5 Bxe5 18. Qd2 Qf6 19. Rac1 g5 20. h4 g4 21. Bxh6
Qxh4 22. Qg5+ Qxg5 23. Bxg5 Kg7 24. f4 gxf3 25. gxf3 Rh8 26. f4 Bf6 27. Bxf6+
Kxf6 28. Kf2 Rh2+ 29. Ke3 Rch8 30. Re2 R8h3+ 31. Kd2 Rxe2+ 32. Kxe2 Rh2+ 33.
Ke3 Rh3+ 34. Kd2 Bc6 35. axb6 axb6 36. e5+ dxe5 37. fxe5+ Kxe5 38. Bxf7 Rh2+
39. Ke3 Bb5 40. Bg6 Rg2 41. Bh5 Bc4 42. Bf3 Rh2 43. Rh1 Rxh1 1/2-1/2

[Event "BL 1920 SG Solingen - SG Turm Kiel"]
[Site "?"]
[Date "2020.02.22"]
[Round "7.3"]
[White "Khenkin, Igor"]
[Black "Tari, Aryan"]
[Result "1/2-1/2"]
[WhiteElo "2553"]
[BlackElo "2629"]
[PlyCount "54"]
[EventDate "2020.??.??"]

1. d4 Nf6 2. c4 g6 3. Nc3 d5 4. cxd5 Nxd5 5. e4 Nxc3 6. bxc3 Bg7 7. Nf3 c5 8.
Be3 Qa5 9. Qd2 O-O 10. Rc1 Rd8 11. Be2 cxd4 12. cxd4 Qxd2+ 13. Bxd2 b6 14. O-O
Bb7 15. d5 Na6 16. Bg5 Kf8 17. Be3 Rac8 18. Nd2 Nb4 19. Bc4 Ba6 20. Bxa6 Nxa6
21. Nb3 Nb4 22. Rxc8 Rxc8 23. Rc1 Rxc1+ 24. Nxc1 Ke8 25. Kf1 Kd7 26. Ke2 e6 27.
Bd2 Na6 1/2-1/2

[Event "BL 1920 SG Solingen - SG Turm Kiel"]
[Site "?"]
[Date "2020.02.22"]
[Round "7.4"]
[White "Van Foreest, Jorden"]
[Black "Dziuba, Marcin"]
[Result "1-0"]
[WhiteElo "2667"]
[BlackElo "2588"]
[PlyCount "63"]
[EventDate "2020.??.??"]

1. e4 c6 2. d4 d5 3. Nd2 dxe4 4. Nxe4 Bf5 5. Ng3 Bg6 6. h4 h6 7. Bd3 Bxd3 8.
Qxd3 e6 9. N1e2 Nf6 10. Bd2 Nbd7 11. O-O-O Qb6 12. Kb1 O-O-O 13. Nc3 Be7 14.
Bf4 Rhe8 15. Qf3 Qa5 16. Rhe1 Nb6 17. Nce4 Nc4 18. Bc1 Rd5 19. Nxf6 gxf6 20.
Qd3 Qa6 21. b3 Na3+ 22. Kb2 b5 23. Qh7 Rf8 24. Rxe6 b4 25. Rxe7 Ra5 26. Bf4 Kd8
27. Rxf7 Nc4+ 28. Kc1 Rxf7 29. Qxf7 Rd5 30. Qc7+ Ke8 31. bxc4 Qa3+ 32. Kb1 1-0

[Event "BL 1920 SG Solingen - SG Turm Kiel"]
[Site "?"]
[Date "2020.02.22"]
[Round "7.5"]
[White "Bjerre, Jonas Buhl"]
[Black "Andersen, Mads"]
[Result "1-0"]
[WhiteElo "2530"]
[BlackElo "2584"]
[PlyCount "163"]
[EventDate "2020.??.??"]

1. e4 e5 2. Nf3 Nc6 3. Bb5 a6 4. Ba4 Nf6 5. O-O Be7 6. Re1 b5 7. Bb3 O-O 8. a4
Bb7 9. d3 d6 10. Bd2 Qd7 11. Nc3 Na5 12. Ba2 b4 13. Ne2 c5 14. Ng3 Rab8 15. c3
b3 16. Bb1 Qc7 17. Nf5 Bc8 18. N3h4 Bd8 19. d4 g6 20. Nh6+ Kg7 21. Bd3 Ng8 22.
Nxg8 Rxg8 23. Nf3 Re8 24. Be3 Bf6 25. d5 c4 26. Be2 Bg4 27. Nd2 Bxe2 28. Qxe2
Rbc8 29. Rf1 Bd8 30. f4 f6 31. Rf3 Qb7 32. Raf1 Rf8 33. Qf2 Rb8 34. Kh1 Bb6 35.
Bxb6 Qxb6 36. Qh4 Rf7 37. Rh3 Kg8 38. Qg4 exf4 39. Rxf4 Re8 40. Rhf3 Qd8 41.
Rf1 Nb7 42. Nxc4 Nc5 43. Qf3 Nxa4 44. g4 h6 45. Qe3 Qe7 46. R4f3 Kg7 47. Qf4
Rff8 48. Nxd6 Rd8 49. Nc4 Nc5 50. Re3 Rde8 51. Rfe1 Qd7 52. h3 Re7 53. Qf3 Qb5
54. Qe2 Kg8 55. Kg1 Rfe8 56. Nd6 Qxe2 57. R1xe2 Rd8 58. Nc4 Rde8 59. d6 Re6 60.
Kg2 Nb7 61. e5 fxe5 62. d7 R8e7 63. Nxe5 Kg7 64. c4 Rd6 65. Rxb3 Nc5 66. Rb6
Rdxd7 67. Rxg6+ Kh7 68. Rc6 Nd3 69. Nxd7 Rxe2+ 70. Kf3 Rxb2 71. Rxa6 Rc2 72.
Ke3 Nb4 73. Ra7 Rc3+ 74. Kd4 Rxh3 75. Ne5+ Kg8 76. c5 h5 77. Rb7 Nc2+ 78. Kd5
Ne3+ 79. Ke4 Nxg4 80. Nxg4 hxg4 81. c6 Rc3 82. c7 1-0